00398pab a2200121 454500008004000000100001800040245014300058260000900201300001300210362000800223650001600231773002900247180718b2005 xxu||||| |||| 00| 0 eng d aChen, Yiu Por aSkill-sorting, self-selectivity, and immigration policy regime change: two surveys of Chinese graduate students' intention to study Abroad c2005 ap.66-70. aMay aImmigration aAmerican Economic Review